La gestió de la diversitat en el mercat del treball
ISBN:
84-9803-020-X
Descripción Física:
197 p. : taules, gràf. ; 30 cm
MARC
| LEADER | 00000nam a2200000Ia 4500 | ||
|---|---|---|---|
| 001 | 16807 | ||
| 008 | 160829s2005 xx 000 0 cat d | ||
| 020 | |a 84-9803-020-X | ||
| 080 | |a M-5-99 | ||
| 245 | |a La gestió de la diversitat en el mercat del treball | ||
| 260 | |a [Barcelona : |b Institut d'Edicions de la Diputació de Barcelona], |c 2005 | ||
| 300 | |a 197 p. : |b taules, gràf. ; |c 30 cm | ||
| 590 | |a Inclou una versió del resum executiu en anglès. | ||
| 590 | |a A la portada: Diputació de Barcelona, Xarxa de Municipis, Elionor, eQual. | ||
| 590 | |a Bibliografia. | ||
| 590 | |a Índex de quadres | ||
| 650 | |a Integració laboral |x Europa |9 27397 | ||
| 650 | |a Empreses |x Anàlisi |9 27398 | ||
| 650 | |a Estratègia empresarial |9 27399 | ||
| 710 | 2 | |a Elionor (Programa) |9 53919 | |
| 710 | 1 | |a Barcelona (Catalunya : Província). |b Diputació |9 52408 | |
| 710 | 2 | |a EQual (Programa) |9 55231 | |
| 901 | |a Arxiu | ||
| 942 | |n 1 | ||
| 952 | |0 0 |1 0 |4 0 |6 M599 |7 1 |9 44377 |a Arxiu |b Arxiu |d 2016-12-01 |l 0 |o M-5-99 |p 16807 |r 2016-12-01 00:00:00 |w 2016-12-01 |y ARXIU | ||
| 999 | |c 46958 |d 46958 | ||